| 000 | 00497nam a2200181Ia 4500 | ||
|---|---|---|---|
| 001 | 3528 | ||
| 005 | 20260306145650.0 | ||
| 008 | 260306t2002||||xx |||||||||||||| ||spa|| | ||
| 041 | _aESP | ||
| 082 |
_a287.1 _bP43 |
||
| 100 |
_aCongregación para la Educación Católica _eAUT |
||
| 245 | 0 |
_aLas personas consagradas y su misión en la escuela: _breflexiones y orientaciones |
|
| 260 | _c2002 | ||
| 300 |
_a74 páginas : _c20 cm. |
||
| 650 | _aGEN | ||
| 654 | _aCHU | ||
| 942 |
_cLIB _dJUS _fJUS _2ddc _n |
||
| 999 |
_c3528 _d3528 |
||